000 00416nam a22001457a 4500
082 _a624.1775
_bFAI
_cL-14, P-3
100 _aFairhurst, W.A
_943013
245 _aArch design simplified.
260 _aGreat Britain
_bButler & Tanner Ltd.
300 _avi, 61 p. :
_bill. :
_c8Cm
526 _a0
_b0
_c0
_d624_177500000000000_FAI
526 _a0
_b0
_c0
_d624_177500000000000_FAI
650 _aMCE
_9379
942 _2ddc
_cBK
999 _c546928
_d546928